<?xml version="1.0" encoding="UTF-8"?>
<record
    xmlns:xsi="http://www.w3.org/2001/XMLSchema-instance"
    xsi:schemaLocation="http://www.loc.gov/MARC21/slim http://www.loc.gov/standards/marcxml/schema/MARC21slim.xsd"
    xmlns="http://www.loc.gov/MARC21/slim">

  <leader>01072nam a2200265 a 4500</leader>
  <controlfield tag="001">BRL_1139</controlfield>
  <controlfield tag="005">20190320211043.0</controlfield>
  <controlfield tag="008">151113s1958----mx-#######---#000-0#spa-#</controlfield>
  <datafield tag="041" ind1=" " ind2=" ">
    <subfield code="a">spa</subfield>
  </datafield>
  <datafield tag="044" ind1=" " ind2=" ">
    <subfield code="a">mx</subfield>
  </datafield>
  <datafield tag="050" ind1=" " ind2="4">
    <subfield code="a">BV510.N3</subfield>
    <subfield code="b">.G37 1958</subfield>
  </datafield>
  <datafield tag="245" ind1="1" ind2="0">
    <subfield code="a">Veinte himnos sacros de los nahuas</subfield>
    <subfield code="c">Los recogi&#xF3; de los nativos Fr. Bernardino de Sahag&#xFA;n, Franciscano ; Los publica en su texto, con su versi&#xF3;n, introducci&#xF3;n, notas de comentario y ap&#xE9;ndices de otras fuentes, &#xC1;ngel Ma. Garibay K.</subfield>
  </datafield>
  <datafield tag="260" ind1=" " ind2=" ">
    <subfield code="a">M&#xE9;xico</subfield>
    <subfield code="b">UNAM, Instituto de Historia : Seminario de Cultura Nahuatl</subfield>
    <subfield code="c">1958</subfield>
  </datafield>
  <datafield tag="300" ind1=" " ind2=" ">
    <subfield code="a">277 p.</subfield>
    <subfield code="c">23 cm.</subfield>
  </datafield>
  <datafield tag="440" ind1=" " ind2="0">
    <subfield code="a">Fuentes Indigenas de la Cultura Nahuatl</subfield>
    <subfield code="p">Informantes de Sahag&#xFA;n</subfield>
    <subfield code="v">2</subfield>
    <subfield code="9">25902</subfield>
  </datafield>
  <datafield tag="500" ind1=" " ind2=" ">
    <subfield code="a">Au1308</subfield>
  </datafield>
  <datafield tag="500" ind1=" " ind2=" ">
    <subfield code="a">Incluye &#xED;ndice de nombres</subfield>
  </datafield>
  <datafield tag="500" ind1=" " ind2=" ">
    <subfield code="a">Texto en: n&#xE1;huatl y espa&#xF1;ol</subfield>
  </datafield>
  <datafield tag="504" ind1=" " ind2=" ">
    <subfield code="a">Bibliograf&#xED;a: p. 263-266</subfield>
  </datafield>
  <datafield tag="650" ind1="1" ind2="4">
    <subfield code="a">Himnos nahuas</subfield>
    <subfield code="9">25903</subfield>
  </datafield>
  <datafield tag="700" ind1="1" ind2=" ">
    <subfield code="a">Sahag&#xFA;n, Bernardino de</subfield>
    <subfield code="c">Fray</subfield>
    <subfield code="d">1499-1590</subfield>
    <subfield code="9">16326</subfield>
  </datafield>
  <datafield tag="700" ind1="1" ind2=" ">
    <subfield code="a">Garibay K., Angel Mari&#xEC;a</subfield>
    <subfield code="d">1892-1967</subfield>
    <subfield code="q">(Garibay Kintana)</subfield>
    <subfield code="9">25904</subfield>
  </datafield>
  <datafield tag="902" ind1=" " ind2=" ">
    <subfield code="a">GRL</subfield>
  </datafield>
  <datafield tag="942" ind1=" " ind2=" ">
    <subfield code="2">lcc</subfield>
    <subfield code="c">B</subfield>
  </datafield>
  <datafield tag="999" ind1=" " ind2=" ">
    <subfield code="c">9951</subfield>
    <subfield code="d">9951</subfield>
  </datafield>
  <datafield tag="952" ind1=" " ind2=" ">
    <subfield code="0">0</subfield>
    <subfield code="1">0</subfield>
    <subfield code="4">0</subfield>
    <subfield code="7">0</subfield>
    <subfield code="a">BRL</subfield>
    <subfield code="b">BRL</subfield>
    <subfield code="d">2013-11-15</subfield>
    <subfield code="i">Au1308</subfield>
    <subfield code="l">0</subfield>
    <subfield code="o">BV510.N3 .G37 1958 (Au1308)</subfield>
    <subfield code="p">GRL01254</subfield>
    <subfield code="r">2019-03-22 00:00:00</subfield>
    <subfield code="w">2019-03-22</subfield>
    <subfield code="y">B</subfield>
  </datafield>
</record>
